00324 2200145 4500245004000000250001100040100002300051650001600074650001400090005001900104260001800123041001400141084001400155336000900169 aScrapbookcRifat HidayatullahhText aCet. 1 aRifat Hidayatullah aKarya Siswa aScrapbook a20250526103720 aJakartac2025 aIndonesia a081 RIF p atext